000 00723cam a22001815a 4500
001 ##J100657
008 000000s1869 000 0 eng u
035 _a(Sirsi) u100657
041 0 _aeng
050 0 4 _a333.0062 $2 18
110 2 _aSurveyors' Institution
_93783
245 0 0 _aProvincial committees
_b constitution and regulations
260 _a[S.l.]
_b[s.n.]
_c1869
300 _a8p.
_c22cm
520 _aOutlines the objectives of provincial committees, their powers and duties, and the process for electing a chairman. The appendix contains a list of instructions to provincial committees in carrying out procedures.
690 _aABOUT RICS-RICS STRUCTURE AND GOVERNANCE-RICS BOARDS AND COMMITTEES
942 _n0
999 _c99741
_d99741